Teorías de la evolución : notas desde el Sur /

Bibliographic Details
Main Authors: Salgado, Leonardo (Author), Arcucci, Andrea (Author)
Format: Electronic eBook
Language:Spanish
Published: Río Negro, Argentina : Editorial UNRN, 2016.
Series:Lecturas de cátedra (Editorial UNRN)
Subjects:
Online Access:Digitalia Hispánica

MARC

LEADER 00000nam a2200000Ii 4500
001 DIGEDUNRN0051
003 NyNyDIG
006 m o d
007 cr |||||||||||
008 250516s2016 ag ob 000 0 spa d
035 |a (OCoLC)1521127874 
040 |a DGITA  |b eng  |e rda  |e pn  |c DGITA 
020 |a 9789878258775  |q eBook 
020 |z 9789873667374 
050 1 4 |a GN281 ebook 
100 1 |a Salgado, Leonardo,  |e author. 
245 1 0 |a Teorías de la evolución :  |b notas desde el Sur /  |c Leonardo Salgado, Andrea Arcucci. 
264 1 |a Río Negro, Argentina :  |b Editorial UNRN,  |c 2016. 
300 |a 1 online resource. 
336 |a text  |b txt  |2 rdacontent 
337 |a computer  |b c  |2 rdamedia 
338 |a online resource  |b cr  |2 rdacarrier 
347 |a text file  |2 rdaft 
347 |b PDF 
490 1 |a Lecturas de cátedra 
504 |a Includes bibliographical references. 
588 0 |a Online resource; title from PDF title page (Digitalia, viewed May 16, 2025) 
650 0 |a Human evolution. 
650 0 |a Evolution (Biology) 
700 1 |a Arcucci, Andrea,  |e author. 
776 0 8 |i Print version:  |a Salgado, Leonardo.  |t Teorías de la evolución.  |d Río Negro, Argentina : Editorial UNRN, 2016  |z 9789873667374 
791 2 |a Digitalia (Firm),  |e distributor. 
793 0 |g Digitalia eBook Collection:  |a Editorial UNRN 
830 0 |a Lecturas de cátedra (Editorial UNRN) 
856 4 0 |3 Digitalia Hispánica  |u https://www.digitaliapublishing.com/a/173241/ 
910 |a Premium collection: 2025